000 00812cab a2200253 4500
001 WB3246-12
008 090401t1996 xxu||||| |||| 00| 0 eng d
035 _a(Sirsi) u64296
041 _aeng
245 _aLandfill gas beat its obligations
260 _c1996
350 _a0
490 _aDepartment of Trade and Industry Press Notice
_v(P/69/879) 27 November 1996, (2)
520 _aThe "Landfill gas development guidelines" (ETSU 01235 433601) promotes the use of landfill gas for power generation purposes.
650 _aELECTRICITY GENERATION
650 _aLANDFILL GAS
650 _aLANDFILL SITES
650 _aMETHANE GAS
650 _aNON-FOSSIL FUELS
650 _aRENEWABLE ENERGY SOURCES
690 _aENVIRONMENTAL AND LAND CONSULTANCY-ENERGY
942 _n0
948 _c04/03/1997
999 _c40037
_d40037